One Piece size - Statistiques

Statistiques générales
  • Ce quiz a été pris 116 fois
  • Le résultat moyen est 12 sur 31
Statistiques - réponses
Indices Réponses % Correct
7,1m Kaido
91%
8,8m Charlotte Linlin
87%
6,66m Edward Newgate "Barbe Blanche"
87%
35,000m Zunesha
79%
67m Oz
74%
21,3m Broggy
72%
22,6m Dorry
68%
6,92m Gecko Moria
61%
~67m Loki
60%
6,89m Bartholomew Kuma
54%
22,2m Hajrudin
45%
180m Sanjuan Wolf
38%
8,3m Jack
33%
60m Little Oz Jr
33%
12,2m Neptune
32%
80m Wadatsumi
32%
400m Laboon
29%
16m Oimo
28%
11,87m Shirahoshi
28%
8,2m Black Maria
17%
17m Gerd
17%
17m Kashii
17%
6,8m Edward Weevil
13%
21,5m Yorle
11%
19,5m Jaguar D. Saul
10%
42,5m Yéti Cool Brothers
10%
7,31m Pound
6%
6,96m Buffalo
5%
6,91m Chadros Higelyges "Barbe Brune"
5%
8m Charlotte Praline
5%
6,76m Jerry
3%
Aucun quiz correspondant
Distribution des résultats
% des personnes avec chaque résultat
Percentile par nombre de réponses
Votre historique - résultats
Vous n’avez pas pris ce quiz